| 000 | 00446nam a2200169Ia 4500 | ||
|---|---|---|---|
| 005 | 20250311165030.0 | ||
| 008 | 231217s9999 xx 000 0 und d | ||
| 020 | _a9788131722824 | ||
| 082 | _a001.6424C LAF1;2 R | ||
| 100 | _aLafore, Robert. | ||
| 245 | 0 | _aObject oriented programming in C++ | |
| 250 | _a4th ed. | ||
| 260 |
_c2009 _bPearson _aNew Delhi |
||
| 300 | _axix+1012 | ||
| 650 | _aObject,oriented,programming,C++ | ||
| 942 | _cAA | ||
| 999 |
_c182153 _d182153 |
||